000 00556nam a2200193Ia 4500
003 GCL
008 140319s9999 xx 000 0 ara d
040 _aGCL /
_cGCL
082 0 4 _a907.2
_bب ن
100 1 _aلويس اسكندر
245 1 0 _aنمو الحضارة (هدية من الاديب عبدالفتاح الجمل) /
_cلويس اسكندر
700 1 _aبرى، ر . ج
300 _a330 ص
490 _aالالف كتاب
_v0
650 0 4 _aالحضارة
650 0 4 _aالتاريخ
650 0 4 _aالمؤرخون
942 _2ddc
_cBK
999 _c38387
_d38387